00554cam a2200133 a 4500020001500000040000800015082002600023100001800049245009900067260010500166300003900271490009200310700001800402 a1863733027 cDLC00a959 ALL 1996 A113 Or.1 aDennis, Peter10aEmergency and confrontation :bAustralian military operations in Malaya and Borneo 1950-1966 / aSt. Leonards, NSW, Australia :bAllen & Unwin in association with the Australian War Memorial,c1996 axvi, 381 p. :bill., maps ;c25 cm1 aThe Official history of Australia's involvement in Southeast Asian conflicts, 1948-19751 aGrey, Jeffrey